000 00465 a2200157 4500
999 _c4163
_d4163
020 _a9781472205919
050 _aPR6118 RUT 2015
100 _aRutherford, Alex
_eauthor
245 _aTraitors in the shadows:
_ba historical novel/
_cAlex Rutherford
264 _aLondon
_bHeadline Review
_c2015
300 _a362p. :
440 _aEmpire of the Moghul.
500 _aIncludes acknowledgements
650 _aMogul Empire -- Fiction.
942 _2lcc
_cBK
_h6118
_iRUT
_kPR